| 000 | 00429nam a2200181Ia 4500 | ||
|---|---|---|---|
| 008 | 221030s9999 xx 000 0 und d | ||
| 020 | _a0070600988 | ||
| 041 | _aEnglish | ||
| 082 |
_a105.23 _bKin |
||
| 100 | _aA. Kinicki | ||
| 245 | 0 |
_aOrganizational Behavior _cby A. Kinicki, R. Kreitner |
|
| 250 | _a2nd | ||
| 260 |
_bTMH _aNew Delhi _c2006 |
||
| 300 | _a460 | ||
| 650 | _aManagement | ||
| 700 | _aR. Kreitner | ||
| 942 | _cBK | ||
| 999 |
_c110 _d110 |
||